[Event "DEN-chT XtraCon 2018-19"]
[Site "Denmark"]
[Date "2018.11.18"]
[Round "3"]
[White "Antonsen, Mikkel"]
[Black "Jorgensen, Dennis"]
[Result "1/2-1/2"]
[WhiteElo "2435"]
[BlackElo "2119"]
[Annotator "TA"]
[PlyCount "126"]
[EventDate "2018.10.27"]
[EventType "team-tourn"]
[EventCountry "DEN"]
[SourceTitle "playchess.com"]
[Source "ChessBase"]
[SourceQuality "1"]

{[%evp 18,126,35,34,37,-22,-4,0,7,0,47,-105,68,36,57,42,61,35,37,33,60,58,63,0,0,16,41,31,52,16,47,47,72,43,79,74,73,93,78,80,106,0,79,0,115,70,109,0,0,0,0,0,0,0,0,-11,-11,-11,-11,-11,-11,-14,-10,-68,-72,-126,-129,-181,-86,-76,-80,-80,-74,-82,-67,-67,-67,-67,-41,-202,-67,-67,-67,-67,-67,-67,-67,-67,-67,-67,-67,-67,-67,-67,-67,-67,-67,-67,-67,-75,0,-67,0,-67,0,-67,-67,-67,0,-67,0]} 1. d4 Nf6 2. c4 e6 3. Nc3 Bb4 4. Qc2 d5 5. cxd5 Qxd5 6. Nf3 Qf5 7. Qb3 Nc6 {E34: Nimzo-Indian: Classical: 4...d5} 8. Bd2 O-O 9. h3 Rd8 (9... a5 10. g4 Qg6 11. a3 a4 12. Qc4 Bxc3 13. Bxc3 Nd5 14. Rc1 f6 15. Rg1 {0-1 (53) Morozevich,A (2665)-Karjakin,S (2763) Moscow 2018}) 10. g4 {LiveBook: 6 Games} Qa5 11. g5 ({White should try} 11. e3 $14) 11... Ne8 $146 ({Predecessor:} 11... Nd5 12. Rd1 Nb6 13. a3 Bxc3 14. bxc3 Qf5 15. Nh4 {0-1 (40) Holt,C (2375)-Kekelidze,M (2436) Mesa 2010}) 12. e3 Nd6 13. Bd3 Bd7 14. e4 $2 {[#]} (14. a3 $14 {keeps the upper hand.}) 14... Be8 $2 (14... e5 $1 $17 {[%cal Re5d4]} 15. Nxe5 (15. dxe5 Be6 $17) 15... Nxe5 16. dxe5 Be6) 15. a3 Bxc3 16. Qxc3 Qb6 17. a4 {Threatens to win with a5.} a5 $1 18. O-O Nc8 {[%cal Rc6d4]} 19. Be3 {And now d5 would win.} Qb4 20. Qxb4 (20. Rfc1 {is more complex.} N8e7 21. Bb5 Qd6 22. Ne5 Qb4 23. Nd3) 20... Nxb4 21. Bb1 Nd6 22. Rc1 Rac8 23. Ra3 Bc6 24. Nd2 $1 Be8 25. f3 b6 26. Kf2 Nb7 27. Nc4 Nd6 28. Ne5 Nb7 29. Nc4 Nd6 30. Ne5 (30. Rac3 $16) 30... Kf8 (30... Nb7 $1 $11) 31. Ke2 b5 32. Rac3 (32. b3 $16) 32... bxa4 33. Rxc7 Rxc7 34. Rxc7 Nb5 35. Rc5 Nxd4+ 36. Bxd4 Rxd4 37. Rxa5 Nc6 38. Nxc6 Bxc6 {[%mdl 4096] Endgame KRB-KRB} 39. Rc5 Bd7 40. e5 (40. Ba2 $11) 40... Rb4 $15 41. Rc2 {[#]} ({White should play} 41. Be4) 41... a3 $1 $17 {[%mdl 512]} 42. Kd2 (42. Kd3 $17) (42. bxa3 Rxb1) 42... axb2 (42... Ba4 $19 {and Black stays clearly on top.} 43. Rc8+ Ke7 44. Rc7+ Ke8) 43. Kc3 Rf4 44. Rf2 Bc6 45. Kxb2 Rxf3 46. Rxf3 Bxf3 {KB-KB} 47. Kc3 h6 48. gxh6 $2 {[#]} ({White has to play} 48. h4 $1 $15) 48... gxh6 (48... g5 $1 $19 {Strongly threatening ...Bg2.} 49. Kd3 Bg2) 49. Kd4 $15 Kg7 50. Ke3 Bh5 51. Bd3 Bg6 52. Be2 Bf5 53. h4 f6 54. Kf4 Kf7 55. Bc4 Ke7 56. Bb3 Bd3 57. Bd1 Bb1 58. Bh5 Bd3 59. Bd1 $1 Bf5 (59... Bg6 $15) 60. Bh5 (60. Bb3 $1 $11) 60... Bd3 61. Bd1 $1 Bg6 62. Be2 Bf5 63. Bh5 $1 Bd3 {Precision: White = 45%, Black = 38%.} (63... Bc2 $15) 1/2-1/2

[Event "DEN-chT XtraCon 2018-19"]
[Site "Denmark"]
[Date "2018.11.18"]
[Round "3"]
[White "Borge, Nikolaj"]
[Black "Borovnica, Tihomir"]
[Result "0-1"]
[WhiteElo "2383"]
[BlackElo "2246"]
[Annotator "NA"]
[PlyCount "86"]
[EventDate "2018.10.27"]
[EventType "team-tourn"]
[EventCountry "DEN"]
[SourceTitle "playchess.com"]
[Source "ChessBase"]
[SourceQuality "1"]
[TimeControl "40/5400+30:1800+30"]

{[%evp 29,85,132,186,171,175,160,165,143,136,151,32767,32767,32767,162,218,204,270,159,139,151,136,32767,32767,32767,32767,32767,32767,32767,32767,32767,32767,-1000,-507,-492,-518,-552,-490,32767,32767,32767,32767,32767,-910,-873,0,-850,0,-800,32767,32767,-901,-862,-915,-994,-879,-982,-879,-2027]} 1. e4 {[%emt 0:00:00]} e6 {[%emt 0:01:24]} 2. d4 {[%emt 0:01:00]} d5 {[%emt 0:00:05]} 3. exd5 {[%emt 0:00:30]} exd5 {[%emt 0:00:05]} 4. Nf3 {[%emt 0:00:10]} Nf6 {[%emt 0:00:45]} 5. Bd3 {[%emt 0:00:30]} c5 {[%emt 0:01:14]} 6. O-O {[%emt 0:01:38] C01: French: Exchange Variation} Nc6 {[%emt 0:06:50]} (6... c4 7. Re1+ Be7 8. Be2 O-O 9. b3 cxb3 10. axb3 Nc6 11. c3 Re8 12. Nbd2 Bd6 13. Bd3 Bg4 14. Rxe8+ Qxe8 {0-1 (52) Fontaine,R (2563)-Carlsen,M (2834) chess.com INT 2018}) 7. Re1+ {[%emt 0:00:20]} Be7 {[%emt 0:00:28]} 8. dxc5 {[%emt 0:10:26]} O-O {[%emt 0:00:07]} 9. Be3 {[%emt 0:09:59]} Bg4 {[%emt 0:03:46]} 10. c3 {[%emt 0:01:34]} Re8 {[%emt 0:01:41]} 11. Nbd2 {[%emt 0:06:40]} Qc7 {[%emt 0:00:20]} 12. Qa4 {[%emt 0:05:13]} Rad8 {[%emt 0:16:43]} 13. b4 $146 {[%emt 0:12:25]} ({Predecessor:} 13. Bf4 Qc8 14. b4 {0-1 (44) Septien Lopez,V (1883)-Zanoletty Garcia,D (1996) Cambrils 2015}) 13... a6 {[%emt 0:20:49]} 14. Qc2 {[%emt 0:06:25]} g6 {[%emt 0:20:41]} 15. a4 {[%emt 0:07:16]} Ra8 {[%emt 0:08:53]} 16. h3 {[%emt 0:02:31]} Bxf3 {[%emt 0:00:16]} 17. Nxf3 {[%emt 0:00:13]} Bf8 {[%emt 0:05:12]} 18. Bf1 {[%emt 0:07:44]} Bg7 {[%emt 0:01:17]} 19. Rad1 {[%emt 0:01:28]} Ne4 {[%emt 0:00:18]} 20. Nd4 {[%emt 0:01:41]} Ne5 {[%emt 0:02:57]} 21. Ne2 {[%emt 0:06:38]} Nc4 {[%emt 0:01:41]} 22. Bf4 {[%emt 0:02:18]} ({Inferior is} 22. Rxd5 Nxe3 23. fxe3 Be5 $11) 22... Qc6 {[%emt 0:00:03]} 23. f3 {[%emt 0:01:03]} Nf6 {[%emt 0:00:27]} 24. Nd4 {[%emt 0:00:21]} Qc8 {[%emt 0:00:13]} 25. Nb3 {[%emt 0:03:56]} Nh5 {[%emt 0:00:22]} 26. Bc1 {[%emt 0:00:27]} Rxe1 {[%emt 0:00:31]} 27. Rxe1 {[%emt 0:00:02]} Qc7 {[%emt 0:00:17]} 28. Nd4 {[%emt 0:06:07]} Be5 {[%emt 0:00:39]} 29. g4 {[%emt 0:01:35]} Bxd4+ {[%emt 0:00:23]} 30. Kh1 {[%emt 0:02:50]} Ng3+ {[%emt 0:00:30]} 31. Kg2 {[%emt 0:00:05]} Nxf1 {[%emt 0:00:06]} 32. Kxf1 {[%emt 0:01:31]} Bg7 {[%emt 0:00:05]} 33. Qd3 {[%emt 0:00:21]} Qg3 {[%emt 0:01:48]} 34. Qxd5 {[%emt 0:00:14]} Qxh3+ $2 {[%emt 0:00:08]} 35. Kg1 $1 {[%emt 0:00:37]} Qg3+ $2 {[%emt 0:00:08]} ({Better is} 35... Bxc3 $19 36. Rf1 Qg3+ 37. Kh1 Ne5) 36. Kf1 {[%emt 0:00:02]} Qh3+ {[%emt 0:00:11]} (36... Ne5 $19 37. Re3 Qh2) 37. Kg1 {[%emt 0:00:01]} Qg3+ {[%emt 0:00:10]} 38. Kf1 {[%emt 0:00:05]} Bxc3 {[%emt 0:00:55]} 39. Re7 {[%emt 0:02:46]} Ne5 {[%emt 0:00:40]} 40. Bd2 {[%emt 0:00:40]} Bxd2 {[%emt 0:00:47]} 41. Rxe5 {[%emt 0:01:37]} Bxb4 {[%emt 0:00:45]} 42. Re7 {[%emt 0:01:37]} Rf8 {[%emt 0:00:25]} 43. Rxb7 {[%emt 0:03:41] [#]} Bxc5 $1 {[%emt 0:00:17]} 0-1

[Event "DEN-chT XtraCon 2018-19"]
[Site "Denmark"]
[Date "2018.11.18"]
[Round "3"]
[White "Haubro, Martin"]
[Black "Chatalbashev, Boris"]
[Result "0-1"]
[WhiteElo "2338"]
[BlackElo "2531"]
[Annotator "TA"]
[PlyCount "72"]
[EventDate "2018.10.27"]
[EventType "team-tourn"]
[EventCountry "DEN"]
[SourceTitle "playchess.com"]
[Source "ChessBase"]
[SourceQuality "1"]

{[%evp 14,72,38,20,28,20,29,-33,-35,-39,-25,-35,-6,-114,-72,-64,-74,-69,-64,-50,-47,-50,-42,-74,-33,-14,0,-43,-33,-87,-62,-110,-22,-222,-205,-202,-206,-390,-354,-405,-404,-413,-438,-382,-317,-310,-318,-304,-193,-190,-183,-386,-317,-300,-282,-443,-426,-558,-543,-770,-747]} 1. e4 g6 2. d4 Bg7 3. Nc3 d6 4. Be3 a6 5. a4 Nf6 6. h3 O-O {B06: Modern Defence} 7. g4 e5 8. d5 {LiveBook: 3 Games} c6 {The position is equal.} 9. Bg2 (9. Nge2 cxd5 10. exd5 Bxg4 11. hxg4 Nxg4 12. Qd2 Nd7 13. Ne4 f5 14. Bg5 {1-0 (61) Naiditsch,A (2706)-Carlsen,M (2865) Baden-Baden 2015}) 9... cxd5 $146 ({Predecessor:} 9... Qa5 10. Nge2 cxd5 11. exd5 Nbd7 12. Qd2 b5 13. g5 Ne8 14. O-O {1-0 (38) Nikolova,A (2341)-Tonel,G (2036) Rijeka 2014}) 10. Nxd5 (10. exd5 $11 Ne8 11. Nge2) 10... Nxd5 $15 11. Qxd5 Nc6 12. Ne2 Nd4 13. Bxd4 (13. Nxd4 $11 {keeps the balance.} exd4 14. Bf4) 13... exd4 14. Nxd4 Qb6 15. Rd1 Qb4+ 16. Rd2 Qxb2 17. O-O Qb4 $36 {[%mdl 2048] Black is pushing.} 18. Rfd1 Qxa4 19. Qxd6 Qa5 20. Nb3 Qc3 21. f4 (21. Nc5 $15) 21... a5 $17 22. e5 a4 (22... Qe3+ $17 23. Rf2 a4) 23. Qc5 $2 {[#]} (23. Rd3 $11 Qxc2 24. Nd4) 23... Qg3 $19 24. Na5 Qxf4 {And now ...a3 would win.} 25. Re2 $2 (25. Nc4) 25... Be6 26. Bxb7 Rad8 27. Rf1 Qg3+ {[%mdl 64] [#] Double Attack} 28. Rg2 Qxe5 29. Qxe5 Bxe5 30. Nc6 Bd4+ 31. Nxd4 Rxd4 32. Rg3 $2 (32. Ra1 {only move.}) 32... Rb8 33. Bg2 Rb2 34. Rc3 (34. Rc1 $142) 34... Ra2 {Black is clearly winning.} 35. Bc6 a3 36. Rc1 Rc4 {Accuracy: White = 27%, Black = 65%.} 0-1

[Event "DEN-chT XtraCon 2018-19"]
[Site "Denmark"]
[Date "2018.11.18"]
[Round "3"]
[White "Kristensen, Leif"]
[Black "Schandorff, Lars"]
[Result "1/2-1/2"]
[WhiteElo "2310"]
[BlackElo "2493"]
[Annotator "TA"]
[PlyCount "31"]
[EventDate "2018.10.27"]
[EventType "team-tourn"]
[EventCountry "DEN"]
[SourceTitle "playchess.com"]
[Source "ChessBase"]
[SourceQuality "1"]

{[%evp 19,31,-13,-19,-34,-27,-30,-17,-33,0,0,38,30,24,34]} 1. e4 {Finkel,A} Nc6 2. Nc3 Nf6 3. d4 d6 4. h3 g6 5. Nf3 Bg7 6. Be3 a6 7. a4 O-O 8. Be2 e5 {B08: Pirc Defence: Classical System} (8... e6 9. O-O b6 10. d5 exd5 11. exd5 Ne7 12. Bc4 Bb7 13. Qd2 Nf5 14. Bf4 Qd7 15. Rfe1 Rfe8 16. Rxe8+ Rxe8 17. Re1 Rxe1+ 18. Qxe1 {½-½ (63) Caruana,F (2799)-Grischuk,A (2782) Saint Louis 2017}) 9. dxe5 dxe5 10. Bc5 Re8 {LiveBook: 4 Games. The position is equal.} 11. Bc4 Be6 12. Bxe6 Rxe6 13. O-O {[#]} Re8 $146 ({Predecessor:} 13... Nd7 14. Ba3 Nd4 15. Nd5 Nf6 16. c3 Nxf3+ 17. Qxf3 Nxd5 18. exd5 {0-1 (26) Frolov,D (2401)-Korotylev,A (2565) Tomsk 2004 CBM 102 [Finkel,A]}) 14. Re1 Bf8 15. Bxf8 Kxf8 16. Nd5 1/2-1/2

[Event "DEN-chT XtraCon 2018-19"]
[Site "Denmark"]
[Date "2018.11.18"]
[Round "3"]
[White "Kristensen, Bjarke Hautop"]
[Black "Jaksland, Tim"]
[Result "1/2-1/2"]
[WhiteElo "2179"]
[BlackElo "2254"]
[Annotator "NA"]
[PlyCount "59"]
[EventDate "2018.10.27"]
[EventType "team-tourn"]
[EventCountry "DEN"]
[SourceTitle "playchess.com"]
[Source "ChessBase"]
[SourceQuality "1"]
[TimeControl "40/5400+30:1800+30"]

1. c4 {[%emt 0:00:00]} c5 {[%emt 0:00:16]} 2. g3 {[%emt 0:00:00]} g6 {[%emt 0:00:19]} 3. Bg2 {[%emt 0:00:00]} Bg7 {[%emt 0:00:06]} 4. Nc3 {[%emt 0:00:00]} Nc6 {[%emt 0:00:06]} 5. Nf3 {[%emt 0:00:05]} d6 {[%emt 0:02:12]} 6. O-O {[%emt 0:00:33]} e5 {[%emt 0:07:29]} 7. Ne1 {[%emt 0:01:41]} Nge7 {[%emt 0:00:47]} 8. Nc2 {[%emt 0:00:11]} O-O {[%emt 0:03:47]} 9. Ne3 {[%emt 0:00:15]} Be6 {[%emt 0:04:36] A37: Symmetrical English vs ...g6: 4 Bg2 Bg7 5 Nf3} 10. Ned5 {[%emt 0:01:28]} Rb8 {[%emt 0:01:19]} (10... Qd7 11. d3 Bh3 12. Rb1 Bxg2 13. Kxg2 f5 14. a3 Rac8 15. f3 Rf7 16. b4 Nxd5 17. Nxd5 Ne7 18. Nxe7+ Rxe7 19. Be3 Qe6 20. bxc5 dxc5 {0-1 (72) Lenderman,A (2611)-Le,Q (2737) chess.com INT 2018}) 11. a3 {[%emt 0:01:55]} a6 {[%emt 0:06:14]} 12. b4 {[%emt 0:06:57]} b5 {[%emt 0:23:56]} 13. cxb5 {[%emt 0:04:12]} axb5 {[%emt 0:00:39]} 14. Rb1 {[%emt 0:00:07]} Nxd5 {[%emt 0:09:52]} 15. Nxd5 {[%emt 0:04:39]} Ne7 {[%emt 0:01:04]} 16. Nxe7+ {[%emt 0:02:53]} Qxe7 {[%emt 0:00:05]} 17. d3 {[%emt 0:02:45]} Rfc8 $146 {[%emt 0:08:58]} 18. Be3 {[%emt 0:07:00]} Qa7 {[%emt 0:01:12]} 19. Qc1 {[%emt 0:05:14]} Qa4 {[%emt 0:02:25]} 20. Qb2 {[%emt 0:01:29]} ({White should play} 20. Qd2 $1 $15) 20... c4 {[%emt 0:04:35]} 21. Rfc1 {[%emt 0:01:46]} cxd3 {[%emt 0:08:10]} 22. exd3 {[%emt 0:00:21]} Qa6 {[%emt 0:00:35]} 23. Rxc8+ {[%emt 0:07:00]} Rxc8 {[%emt 0:00:05]} 24. Rc1 {[%emt 0:00:06]} Bf5 {[%emt 0:01:49]} 25. Rc3 {[%emt 0:04:41]} Rxc3 $14 {[%emt 0:03:06]} 26. Qxc3 {[%emt 0:00:05]} Qa4 {[%emt 0:00:26]} (26... h5 $14) 27. Bf1 {[%emt 0:06:49]} Qd1 {[%emt 0:01:38]} 28. Qc1 {[%emt 0:01:00]} Qxc1 {[%emt 0:00:34]} 29. Bxc1 {[%emt 0:00:05]} Bd7 {[%emt 0:01:06]} 30. Bg2 {[%emt 0:01:08]} 1/2-1/2

[Event "DEN-chT XtraCon 2018-19"]
[Site "Denmark"]
[Date "2018.11.18"]
[Round "3"]
[White "Ostergaard, Jens"]
[Black "Skaanning-Pedersen, Kim Henrik"]
[Result "1-0"]
[WhiteElo "2174"]
[BlackElo "2207"]
[Annotator "NA"]
[PlyCount "72"]
[EventDate "2018.10.27"]
[EventType "team-tourn"]
[EventCountry "DEN"]
[SourceTitle "playchess.com"]
[Source "ChessBase"]
[SourceQuality "1"]
[TimeControl "40/5400+30:1800+30"]

1. d4 {[%emt 0:00:00]} g6 {[%emt 0:00:00]} 2. c4 {[%emt 0:00:00]} Bg7 {[%emt 0:00:00]} 3. e4 {[%emt 0:00:13]} Nc6 {[%emt 0:01:17]} 4. Nf3 {[%emt 0:01:30]} e5 {[%emt 0:02:24]} 5. Be3 {[%emt 0:04:22]} d6 {[%emt 0:02:07]} 6. Nc3 {[%emt 0:04:09]} Bg4 {[%emt 0:01:44]} 7. d5 {[%emt 0:07:44]} Nd4 {[%emt 0:02:51]} 8. Be2 {[%emt 0:01:45]} Bxf3 {[%emt 0:02:53]} 9. Bxf3 {[%emt 0:00:26]} c5 {[%emt 0:00:16]} 10. dxc6 {[%emt 0:06:37] A41: 1 d4 d6: Tartakower System and Modern Defence} bxc6 {[%emt 0:00:35]} 11. O-O {[%emt 0:00:39]} Ne7 {[%emt 0:02:11]} 12. c5 {[%emt 0:06:22]} (12. b4 O-O 13. Rb1 Qc7 14. Bxd4 exd4 15. Ne2 c5 16. b5 Bh6 17. Nc1 Bxc1 18. Qxc1 {½-½ (31) Swiercz,D (2645)-Kempinski,R (2615) Poland 2016}) 12... Nxf3+ $146 {[%emt 0:12:05]} ({Predecessor:} 12... O-O 13. cxd6 Qxd6 14. b3 Rad8 15. Na4 f5 16. Rc1 Qf6 17. Bxd4 Rxd4 18. Qe2 fxe4 19. Bxe4 {1-0 (62) Arvola,B (2471)-Chatalbashev,B (2543) Helsingor 2018}) 13. Qxf3 {[%emt 0:00:49]} d5 {[%emt 0:00:15]} 14. exd5 {[%emt 0:04:06]} cxd5 {[%emt 0:00:41]} 15. Bg5 {[%emt 0:06:11]} d4 {[%emt 0:16:41]} 16. Bxe7 {[%emt 0:10:22]} Kxe7 {[%emt 0:00:53]} 17. Qb7+ {[%emt 0:03:51]} Kf8 {[%emt 0:01:51]} 18. Ne4 {[%emt 0:01:01]} Qc8 $2 {[%emt 0:11:36]} (18... Rb8 $16 19. Qxa7 Ra8) 19. Qd5 {[%emt 0:01:15]} Rb8 {[%emt 0:00:14]} 20. Qd6+ {[%emt 0:05:14]} Kg8 {[%emt 0:01:00]} 21. c6 {[%emt 0:02:37]} h6 {[%emt 0:02:03]} 22. Rac1 {[%emt 0:06:03]} Rb6 {[%emt 0:05:49]} 23. Qd5 {[%emt 0:07:13]} Kh7 {[%emt 0:09:23] [#]} 24. c7 $1 {[%emt 0:02:38]} Qa6 {[%emt 0:00:30]} 25. Qd7 {[%emt 0:03:37]} Qc8 {[%emt 0:02:15]} 26. Qxf7 {[%emt 0:01:02]} Rf8 {[%emt 0:00:09]} 27. Qe7 {[%emt 0:00:23]} Re6 {[%emt 0:02:38]} 28. Qc5 {[%emt 0:00:37]} Rfe8 $18 {[%emt 0:01:46]} 29. Qxa7 {[%emt 0:04:03]} Bf8 {[%emt 0:00:47]} 30. Qa4 {[%emt 0:00:46]} R8e7 {[%emt 0:00:48]} 31. Qc4 {[%emt 0:00:52]} Rb6 {[%emt 0:01:28]} 32. Rc2 {[%emt 0:01:34]} h5 {[%emt 0:01:42]} 33. Rfc1 {[%emt 0:00:53]} Bh6 {[%emt 0:00:17]} 34. Qc5 {[%emt 0:00:41]} Ree6 {[%emt 0:00:28]} 35. Rd1 {[%emt 0:01:03]} Ra6 {[%emt 0:01:35]} 36. Qd5 {[%emt 0:00:46]} Bf8 {[%emt 0:01:19]} 1-0

[Event "DEN-chT XtraCon 2018-19"]
[Site "Denmark"]
[Date "2018.11.18"]
[Round "3"]
[White "Vesterli, Michael E."]
[Black "Smith, Axel"]
[Result "0-1"]
[WhiteElo "2158"]
[BlackElo "2492"]
[Annotator "RC"]
[PlyCount "62"]
[EventDate "2018.10.27"]
[EventType "team-tourn"]
[EventCountry "DEN"]
[SourceTitle "playchess.com"]
[Source "ChessBase"]
[SourceQuality "1"]
[TimeControl "40/5400+30:1800+30"]

1. Nf3 {[%emt 0:00:00]} c5 {[%emt 0:00:05]} 2. g3 {[%emt 0:00:00]} Nc6 {[%emt 0:02:03]} 3. Bg2 {[%emt 0:00:00]} e5 {[%emt 0:02:58]} 4. d3 {[%emt 0:00:07]} d5 {[%emt 0:00:37]} 5. O-O {[%emt 0:00:12]} Nf6 {[%emt 0:00:38]} 6. e4 {[%emt 0:07:11]} Be7 {[%emt 0:01:46]} 7. Nc3 {[%emt 0:00:20]} d4 {[%emt 0:08:21]} 8. Ne2 {[%emt 0:00:22]} O-O {[%emt 0:00:27]} 9. Nh4 {[%emt 0:04:49]} g6 {[%emt 0:05:05]} 10. f4 {[%emt 0:04:01]} exf4 {[%emt 0:11:36]} 11. gxf4 {[%emt 0:00:10]} Nh5 {[%emt 0:02:58]} 12. Nf3 {[%emt 0:00:46]} f5 {[%emt 0:00:26]} 13. c3 {[%emt 0:24:54]} fxe4 {[%emt 0:09:27]} 14. dxe4 {[%emt 0:00:09]} d3 {[%emt 0:03:46]} 15. Qb3+ {[%emt 0:00:21]} Kh8 {[%emt 0:03:41]} 16. Rd1 {[%emt 0:01:05]} Bg4 {[%emt 0:15:29]} 17. Be3 {[%emt 0:03:49]} Qd7 {[%emt 0:00:07]} 18. Qc4 {[%emt 0:06:26]} Rad8 {[%emt 0:03:37]} 19. Bxc5 {[%emt 0:24:46]} Bxc5+ {[%emt 0:00:27]} 20. Qxc5 {[%emt 0:00:08]} Qg7 {[%emt 0:05:31]} 21. Ned4 {[%emt 0:03:54]} Nxf4 {[%emt 0:02:16]} 22. Nxc6 {[%emt 0:02:15]} bxc6 {[%emt 0:00:19]} 23. Rf1 {[%emt 0:00:46]} Nxg2 {[%emt 0:12:05]} 24. Kxg2 {[%emt 0:00:08]} d2 {[%emt 0:00:09]} 25. Nxd2 {[%emt 0:06:47]} Rxd2+ {[%emt 0:00:15]} 26. Kg3 {[%emt 0:00:04]} Rxf1 {[%emt 0:03:07]} 27. Rxf1 {[%emt 0:00:10]} Be6 {[%emt 0:00:24]} 28. Rf8+ {[%emt 0:01:22]} Bg8 {[%emt 0:00:04]} 29. Ra8 {[%emt 0:02:52]} Qc7+ {[%emt 0:01:39]} 30. Kf3 {[%emt 0:01:26]} Qf7+ {[%emt 0:00:08]} 31. Kg3 {[%emt 0:00:15]} Rd3+ {[%emt 0:01:20]} 0-1

[Event "DEN-chT XtraCon 2018-19"]
[Site "Denmark"]
[Date "2018.11.18"]
[Round "3"]
[White "Haubro, Sigfred"]
[Black "Percivaldi, Martin"]
[Result "0-1"]
[WhiteElo "2152"]
[BlackElo "2391"]
[Annotator "ChessBase"]
[PlyCount "70"]
[EventDate "2018.10.27"]
[EventType "team-tourn"]
[EventCountry "DEN"]
[SourceTitle "playchess.com"]
[Source "ChessBase"]
[SourceQuality "1"]
[TimeControl "40/5400+30:1800+30"]

1. Nf3 {[%emt 0:00:15]} d5 {[%emt 0:00:00]} 2. b3 {[%emt 0:00:06]} Nf6 {[%emt 0:01:10]} 3. Bb2 {[%emt 0:00:07]} Bf5 {[%emt 0:00:15]} 4. e3 {[%emt 0:00:07]} e6 {[%emt 0:00:25]} 5. Be2 {[%emt 0:00:13]} h6 {[%emt 0:00:21]} 6. O-O {[%emt 0:00:17]} Be7 {[%emt 0:01:54]} 7. d4 {[%emt 0:08:39]} Nbd7 {[%emt 0:01:05]} 8. Nbd2 {[%emt 0:00:10]} O-O {[%emt 0:00:20]} 9. Rc1 {[%emt 0:00:49]} a5 {[%emt 0:02:21]} 10. a3 {[%emt 0:01:54]} c6 {[%emt 0:00:16]} 11. c4 {[%emt 0:02:00]} Qb8 {[%emt 0:05:48]} 12. Ne5 {[%emt 0:14:13]} Nxe5 {[%emt 0:02:08]} 13. dxe5 {[%emt 0:00:07]} Nd7 {[%emt 0:00:24]} 14. Nf3 {[%emt 0:03:14]} Be4 {[%emt 0:09:11]} 15. Nd2 {[%emt 0:07:14]} Bh7 {[%emt 0:00:43]} 16. f4 {[%emt 0:02:24]} Nc5 {[%emt 0:08:04]} 17. cxd5 {[%emt 0:04:03]} cxd5 {[%emt 0:01:11]} 18. Nf3 {[%emt 0:00:48]} Rc8 {[%emt 0:01:13]} 19. Nd4 {[%emt 0:06:36]} Qa7 {[%emt 0:11:05]} 20. Nb5 {[%emt 0:01:32]} Qb6 {[%emt 0:00:24]} 21. Bd4 {[%emt 0:08:33]} Qd8 {[%emt 0:00:47]} 22. g4 {[%emt 0:00:51]} Ne4 {[%emt 0:04:55]} 23. f5 {[%emt 0:03:20]} Rxc1 {[%emt 0:01:03]} 24. Qxc1 {[%emt 0:00:07]} Rc8 {[%emt 0:00:06]} 25. Qb2 {[%emt 0:01:56]} exf5 {[%emt 0:14:28]} 26. gxf5 {[%emt 0:00:45]} Bh4 {[%emt 0:00:17]} 27. f6 {[%emt 0:11:25]} Qd7 {[%emt 0:15:41]} 28. a4 {[%emt 0:11:19]} Bf2+ {[%emt 0:07:18]} 29. Kg2 {[%emt 0:06:39]} Qf5 {[%emt 0:00:14]} 30. Nc3 {[%emt 0:03:04]} Qg5+ {[%emt 0:00:23]} 31. Kf3 {[%emt 0:00:42]} Bh4 {[%emt 0:03:22]} 32. Nxd5 {[%emt 0:01:03]} h5 {[%emt 0:03:04]} 33. Ne7+ {[%emt 0:01:20]} Kf8 {[%emt 0:00:29]} 34. fxg7+ {[%emt 0:00:13]} Qxg7 {[%emt 0:00:44]} 35. Ng6+ {[%emt 0:00:49]} Qxg6 {[%emt 0:00:15]} 0-1

[Event "DEN-chT XtraCon 2018-19"]
[Site "Denmark"]
[Date "2018.11.18"]
[Round "3"]
[White "Brorsen, Jacob Abildlund"]
[Black "Ahlander, Bjorn"]
[Result "0-1"]
[WhiteElo "2147"]
[BlackElo "2409"]
[Annotator "ChessBase"]
[PlyCount "78"]
[EventDate "2018.10.27"]
[EventType "team-tourn"]
[EventCountry "DEN"]
[SourceTitle "playchess.com"]
[Source "ChessBase"]
[SourceQuality "1"]
[TimeControl "40/5400+30:1800+30"]

1. e4 {[%emt 0:00:00]} c5 {[%emt 0:00:00]} 2. Nf3 {[%emt 0:00:00]} e6 {[%emt 0:00:00]} 3. g3 {[%emt 0:00:38]} Nc6 {[%emt 0:00:49]} 4. Bg2 {[%emt 0:00:23]} Nf6 {[%emt 0:01:12]} 5. Nc3 {[%emt 0:06:03]} d6 {[%emt 0:04:29]} 6. d4 {[%emt 0:00:52]} cxd4 {[%emt 0:00:07]} 7. Nxd4 {[%emt 0:00:06]} Bd7 {[%emt 0:00:30]} 8. O-O {[%emt 0:01:24]} Be7 {[%emt 0:00:04]} 9. b3 {[%emt 0:06:24]} O-O {[%emt 0:01:24]} 10. Bb2 {[%emt 0:00:28]} a6 {[%emt 0:00:39]} 11. Nce2 {[%emt 0:03:53]} Nxd4 {[%emt 0:10:34]} 12. Nxd4 {[%emt 0:01:41]} Rc8 {[%emt 0:00:04]} 13. c4 {[%emt 0:05:00]} b5 {[%emt 0:00:15]} 14. cxb5 {[%emt 0:03:37]} axb5 {[%emt 0:00:04]} 15. Qd2 {[%emt 0:13:48]} Qb6 {[%emt 0:01:05]} 16. Rfe1 {[%emt 0:07:12]} Rfd8 {[%emt 0:02:52]} 17. Rac1 {[%emt 0:09:38]} g6 {[%emt 0:01:35]} 18. Nc2 {[%emt 0:03:47]} Bc6 {[%emt 0:05:53]} 19. Nb4 {[%emt 0:03:50]} Ba8 {[%emt 0:00:54]} 20. a3 {[%emt 0:11:52]} Rxc1 {[%emt 0:14:36]} 21. Qxc1 {[%emt 0:00:11]} Ng4 {[%emt 0:02:04]} 22. Qf4 {[%emt 0:01:42]} h5 {[%emt 0:01:19]} 23. Nd3 {[%emt 0:04:27]} e5 {[%emt 0:08:26]} 24. Qf3 {[%emt 0:05:20]} f5 {[%emt 0:22:00]} 25. Qe2 {[%emt 0:02:08]} Rf8 {[%emt 0:08:56]} 26. Rf1 {[%emt 0:03:18]} Qb7 {[%emt 0:03:47]} 27. Re1 {[%emt 0:00:57]} Nf6 {[%emt 0:02:25]} 28. Qe3 {[%emt 0:01:29]} Kh7 {[%emt 0:01:02]} 29. h3 {[%emt 0:01:58]} Nxe4 {[%emt 0:01:07]} 30. Bc1 {[%emt 0:00:30]} Rf6 {[%emt 0:03:28]} 31. f4 {[%emt 0:01:57]} Bf8 {[%emt 0:01:06]} 32. fxe5 {[%emt 0:00:23]} dxe5 {[%emt 0:00:03]} 33. b4 {[%emt 0:00:22]} Qc7 {[%emt 0:00:54]} 34. Kh2 {[%emt 0:01:07]} h4 {[%emt 0:01:14]} 35. Bxe4 {[%emt 0:00:13]} fxe4 {[%emt 0:00:38]} 36. Nc5 {[%emt 0:00:21]} Rf3 {[%emt 0:00:43]} 37. Qg5 {[%emt 0:00:32]} hxg3+ {[%emt 0:00:02]} 38. Kg2 {[%emt 0:00:16]} Qf7 {[%emt 0:00:28]} 39. Be3 {[%emt 0:00:39]} Qa2+ {[%emt 0:00:39]} 0-1